[Event "Moscow Region-ch"]
[Site "Kolomna"]
[Date "2015.10.20"]
[Round "7"]
[White "Alekseenko, Mariya"]
[Black "Shelushpanov, Nikolai"]
[Result "1/2-1/2"]
[WhiteElo "1374"]
[BlackElo "1462"]
[PlyCount "125"]
[EventDate "2015.10.16"]
[EventType "swiss"]
[EventRounds "9"]
[EventCountry "RUS"]
[SourceTitle "CBM 169 Extra"]
[Source "ChessBase"]
[SourceDate "2015.12.18"]
[SourceVersion "1"]
[SourceVersionDate "2015.12.18"]
[SourceQuality "1"]

1. e4 d5 2. exd5 Qxd5 3. Nc3 Qa5 4. d4 c6 5. Bd3 Nf6 6. Nf3 Bg4 7. 0-0 e6 8. h3 Bh5 9. Be3 Be7 10. a3 Nbd7 11. Be2 Nd5 12. Nxd5 cxd5 13. c3 0-0 14. Qd2 Nf6 15. Bf4 Ne4 16. Qd3 Qd8 17. Nd2 Bg6 18. Nxe4 Bxe4 19. Qd2 Bd6 20. Bxd6 Qxd6 21. Bd3 Bxd3 22. Qxd3 a6 23. Rfe1 b5 24. Qe2 Rfe8 25. Qe5 Qxe5 26. Rxe5 f6 27. Re2 Kf7 28. f4 Re7 29. Rae1 Rae8 30. g3 h6 31. Kg2 g5 32. Kf3 f5 33. Re5 Kf6 34. Rg1 Rg8 35. Ree1 a5 36. Rg2 b4 37. Rb1 Rb7 38. cxb4 axb4 39. a4 b3 40. Ra1 Ra7 41. Ra3 Rb8 42. Rd2 Ra5 43. Rd3 Rb4 44. Raxb3 Rxb3 45. Rxb3 Rxa4 46. Ke3 Ra7 47. Rc3 Rg7 48. b4 gxf4+ 49. Kxf4 h5 50. b5 Rb7 51. Rb3 Rb6 52. h4 Kg6 53. Ke5 Kf7 54. Rc3 Rxb5 55. Rc7+ Kg6 56. Kxe6 Rb3 57. Kxd5 Rxg3 58. Rc6+ Kg7 59. Rc7+ Kg6 60. Rc6+ Kg7 61. Ke5 Rg4 62. Rc7+ Kg6 63. Rc6+ 1/2-1/2